<Les> Rrelations commerciales slovaco-polonaises dans le processus de coopération et d`intégration européenne
Enregistré dans:
| Auteur principal: | |
|---|---|
| Format: | Chapitre de livre |
| Langue: | français polonais |
| Tags: |
Pas de tags, Soyez le premier à ajouter un tag!
|
MARC
| LEADER | 00000naa$a2200000$$$4500 | ||
|---|---|---|---|
| 001 | 0146841 | ||
| 005 | 20240502083339.3 | ||
| 041 | 0 | |a fre | |
| 041 | 0 | |a pol | |
| 044 | |a FR | ||
| 245 | 1 | 0 | |a <Les> Rrelations commerciales slovaco-polonaises dans le processus de coopération et d`intégration européenne |c Jaroslav Kita |
| 100 | 1 | |a Kita, Jaroslav | |